000 01291nam a2200313 u 4500
001 000810972
003 AM-YeHGA
005 20250618073928.0
008 110519s2008 le |||||r|||||000|0|ara|d
040 _aAM-YeHGA
041 0 _aara
_bfre
100 1 _aTernon, Yves
_d1932-
245 1 0 _aMardin 1915 :
_bAnatomie pathologique d'une destruction /
_cYves Ternon ; Version arabe de Latifa Arnouk.
250 _a1st ed.
260 _aJounieh, Lebanon :
_bMaison Naaman pour la Culture,
_c2008.
300 _a429 p. :
_bmaps.
500 _a"Première édition, Revue d'histoire arménienne contemporaine, Tome IV, 2000-2002" - T.p. verso.
504 _aIncludes bibliographical references and indexes.
546 _aT.l. in French and Arabic ; Text in Arabic
650 1 4 _aArmenian massacres, 1915-1923.
650 1 4 _aՀայոց ցեղասպանություն (1915-1923)
_vԱնձնական պատմություններ
_95101
650 1 4 _aArmenians
_zTurkey
_zMardin İli.
650 1 4 _aArmenians
_zTurkey
_zDiyarbekir İli.
650 1 4 _aՑեղասպանություն
_zTurkey
_xHistory
_y20th century.
651 4 _aMardin İli (Turkey)
_xHistory
_y20th century.
651 4 _aDiyarbakir İli (Turkey)
_xHistory
_y20th century.
700 1 _aArnouk, Latifa
_4trl
090 _c295578
999 _c293893
_d293893